000 00922nam a2200229Ii 4500
003 JO-AjNU
008 230605s9999||||xx |||||||||||||| ||und||
017 _a2004/16443
020 _a977-315-076-3
040 _aJO-AjNU
_bara
_erda
_cJO-AjNU
041 _aara
050 1 4 _aBP63.17.S22 2004
100 3 _aالسعفي،حمودة,
_eauthor
_98071
245 0 0 _aناصر الدين البيضاوي وآراؤه الكلامية والفلسفية
250 _aط1
264 3 1 _aد.م:المكتبة الازهرية للتراث K 2004
300 _a266ص
_bفهرس الايات القرآنية من ص 225-ص232 ، فهرس الاحاديث النبوية ص 233 ، فهرس الاعلام من ص 235-ص247
336 _atext
_btxt
_2rdacontent
337 _aunmediated
_bn
_2rdamedia
338 _avolume
_bnc
_2rdacarrier
650 4 _aالاستشراق-ناصر الدين البيضاوي-فلسفة
_98072
999 _aA601
_c4169
_d4169